000 00446nam a2200145Ia 4500
003 OSt
005 20260129123155.0
008 211028s2018 xx 000 0 und d
040 _cAIMIT LIBRARY
041 _aeng
100 _aFernandes, Mysa Pricya; James, Justine P.
_g1616113
_97868
245 _aStudy on gross happiness index at caravela beach resort in Varca Goa /
260 _aMangalore
_bRoyce Winfred Baretto.
_c2018
942 _2ddc
_cPRO
999 _c219436
_d219436